| 000 | 00000nam 2200000za 4500 |
| 001 | 9.629947 |
| 003 | CaOODSP |
| 005 | 20240925091302 |
| 007 | cr ||||||||||| |
| 008 | 150407s2015 pica||||o f00| 0 eng d |
| 020 | |a978-1-100-21866-3 |
| 040 | |aCaOODSP|beng |
| 043 | |an-cn--- |
| 086 | 1 |aV32-254/2015E-PDF |
| 245 | 00|aMethodology |h[electronic resource] : |bLife After Service Studies 2013. |
| 260 | |aCharlottetown, PE. : |bVeterans Affairs Canada, |cc2015. |
| 300 | |a68 p. : |bfigures, tables. |
| 490 | 1 |aResearch Directorate technical report |
| 504 | |aIncludes bibliographical references. |
| 690 | 07|aVeterans|2gcpds |
| 710 | 1 |aCanada. |bVeterans Affairs Canada. |bResearch Directorate. |
| 710 | 1 |aCanada. |bDepartment of National Defence. |
| 775 | 08|tMéthodologie : études sur la vie après le service militaire |w(CaOODSP)9.677540 |
| 830 | #0|aTechnical report (Canada. Veterans Affairs Canada. Research Directorate)|w(CaOODSP)9.844433 |
| 856 | 40|qPDF|s1.15 MB|uhttps://publications.gc.ca/collections/collection_2015/acc-vac/V32-254-2015-eng.pdf |